00384nam a22001337a 450000500170000000800410001704100130005808200130007110000130008424500460009726000500014330000310019365000260022420240422133938.0240422b |||||||| |||| 00| 0 eng d aEnglish  a349 LAW  lEnglish  aThe Law Reports : Queen's Bench Division  aLondon: bWilliam Clowes and Sons Ltd, c1893 bxv ; 809 pages , c25 cm.  aLegal practice bLaw